Normal view
MARC view
Entry Personal Name
001 - CONTROL NUMBER
- control field: 38170
003 - CONTROL NUMBER IDENTIFIER
- control field: OSt
005 - DATE AND TIME OF LATEST TRANSACTION
- control field: 20211105154418.0
008 - FIXED-LENGTH DATA ELEMENTS
- fixed length control field: 211105|| aca||aabn | a|a d
040 ## - CATALOGING SOURCE
- Original cataloging agency: OSt
- Transcribing agency: OSt
100 ## - HEADING--PERSONAL NAME
- Personal name: Spitaleri, C., ed
670 ## - SOURCE DATA FOUND
- Source citation: Work cat.: (OSt): Busso, M., ed. 23119, The Third European Summer School on Experimental Nuclear Astrophysics, 2007